000 03024cam a2200529 i 4500
999 _c277
_d277
001 20945016
003 OSt
005 20190805094002.0
008 190423s2018 nyu 000 0 eng d
010 _a 2019296656
020 _a1260116212
020 _a9781260116212
035 _a(OCoLC)on1010777419
040 _aYDX
_beng
_cYDX
_erda
_dBDX
_dGK8
_dIMT
_dTME
_dGK8
_dOCLCQ
_dOCL
_dSHS
_dTJ7
_dDLC
041 0 _afre
_aeng
042 _alccopycat
082 0 4 _a448.2 KUR
_223
100 1 _aKurbegov, Eliane,
_eauthor.
245 1 0 _aFrench grammar drills /
_cEliane Kurbegov.
250 _aThird edition.
264 1 _aNew York :
_bMcGraw-Hill Education,
_c[2018]
300 _aviii, 312 pages ;
_c28 cm
336 _atext
_btxt
_2rdacontent
337 _aunmediated
_bn
_2rdamedia
338 _avolume
_bnc
_2rdacarrier
500 _aPrevious edition: 2012.
505 2 _aPart 1. Articles and adjectives -- Part 2. Plurals, quantity, and partitive articles -- Part 3. Adjectives -- Part 4. Adverbs -- Part 5. Subject, stressed, and object pronouns -- Part 6. Possessive, demonstrative, and interrogative pronouns -- Part 7. Relative pronouns -- Part 8. Prepositions and conjunctions -- Part 9. Basic verbal structures -- Part 10. Other verbal structures -- Final review.
520 _a"When it comes to learning grammar, the best way is to Just Do It! For learning grammar, you'll find the most success in retaining your skills through drills, drills, and more drills. French Grammar Drills reinforces your knowledge and enhance your ability to read, write, and speak in French. This book introduces essential grammar concepts, with practical examples to demonstrate their correct usage. You will flex your grammar muscle with the exercises included in each section. Inside this new edition you'll find: more than 200 exercises accompanied by an answer key; authentic examples to show you correct grammar usage; and, new review sections that will bring you up to speed on grammar."--Publisher's description.
546 _aIn French and English.
650 0 _aFrench language
_xGrammar
_vProblems, exercises, etc.
650 0 _aFrench language
_vTextbooks for foreign speakers
_xEnglish.
650 0 _aFrench language
_vSelf-instruction.
650 7 _aFrench language.
_2fast
_0(OCoLC)fst00934333
650 7 _aFrench language
_xGrammar.
_2fast
_0(OCoLC)fst00934446
655 4 _afor English speakers.
655 7 _aTextbooks.
_2fast
_0(OCoLC)fst01423863
655 7 _aProgrammed instructional materials.
_2fast
_0(OCoLC)fst01423785
655 7 _aProblems and exercises.
_2fast
_0(OCoLC)fst01423783
655 7 _aSelf-instruction.
_2fast
_0(OCoLC)fst01423884
655 7 _aTextbooks
_vfor English speakers.
_2fast
_0(OCoLC)fst01423865
655 7 _aProblems and exercises.
_2lcgft
655 7 _aProgrammed instructional materials.
_2lcgft
655 7 _aTextbooks.
_2lcgft
906 _a7
_bcbc
_ccopycat
_d2
_encip
_f20
_gy-gencatlg
942 _2ddc
_cNFIC